[Event "Vladimir Bato Kontic Memorial 2021"]
[Site "Niksic"]
[Date "2021.04.18"]
[Round "3.11"]
[White "Miletic, Vuk"]
[Black "Sukovic, Andrej"]
[Result "1/2-1/2"]
[WhiteElo "2254"]
[BlackElo "2283"]
[Annotator "TA"]
[PlyCount "59"]
[EventDate "2021.04.17"]
[EventType "swiss"]
[EventCountry "MNE"]
[SourceTitle "playchess.com"]
[Source "ChessBase"]
[SourceQuality "1"]

{[%evp 24,59,78,22,6,0,20,14,12,7,7,-19,-7,-21,-13,-47,-47,-100,-54,-58,0,-7,-3,-6,264,0,0,0,0,0,0,0,0,0,0,0,0,-4]} 1. d4 Nf6 2. c4 g6 3. Nc3 Bg7 4. e4 O-O 5. Nf3 d6 6. Be2 e5 7. O-O Nbd7 8. Be3 exd4 9. Nxd4 Re8 10. f3 c6 11. Qd2 d5 12. exd5 cxd5 13. Bf2 ({Reject} 13. Nxd5 $6 Nxd5 14. cxd5 Nb6 $11) ({Of course not} 13. cxd5 Nb6 $11) ({White should play} 13. Rad1 $16) 13... dxc4 $11 {E92: King's Indian: Classical: 6 Be2 e5: 7 dxe5, 7 Be3 and Petrosian System without 7...Nbd7.} 14. Bxc4 Nb6 15. Bb3 (15. Bd3 {keeps more tension.} Nh5 16. Nce2 Bd7 17. Rfe1 Rc8 18. Rad1) 15... Be6 {[#]} 16. Bxe6 $146 ({Predecessor:} 16. Qc2 Bxb3 17. Qxb3 Ng4 18. fxg4 Bxd4 19. Rad1 Bxf2+ 20. Rxf2 Qc7 21. Rdf1 Re7 22. Rf4 Rae8 23. h3 Qd7 24. a4 Qe6 25. Qxe6 fxe6 26. Rd1 {½-½ (27) Mueller,F (2312)-Breuer,S (2355) Verden 2008}) 16... Rxe6 17. Rfd1 Rd6 18. Qe2 Nbd5 19. Nxd5 Nxd5 20. Qe4 ({Better is} 20. g3 $15) 20... Nc7 21. Rd2 $1 {[#]} Qe8 (21... Nb5 $1 $15 22. Rad1 Nxd4 23. Bxd4 Bxd4+ 24. Rxd4 Qb6) 22. Qxe8+ Rxe8 23. Rad1 Bh6 $2 {[%mdl 8192] [#]} (23... Red8 $11 24. Be3 f5) 24. Rd3 $2 (24. Nf5 $1 $18 {[%cal Rf5h6][%mdl 512]} Rxd2 25. Nxh6+ Kg7 26. Rxd2 Kxh6 27. Rd7 (27. Bxa7 Re7 $16)) 24... Red8 {Hoping for ...Ne6.The position is equal.} 25. Bg3 R6d7 {Strongly threatening ...Ne6.} 26. Bxc7 Rxc7 27. Nf5 Rxd3 28. Nxh6+ Kg7 29. Rxd3 {Black must now prevent Ng4.} Kxh6 30. Rd2 {Weighted Error Value: White=0.34/Black=0.42} 1/2-1/2

[Event "Vladimir Bato Kontic Memorial 2021"]
[Site "Niksic"]
[Date "2021.04.18"]
[Round "4.1"]
[White "Djukic, Nikola"]
[Black "Suleymanli, Aydin"]
[Result "1/2-1/2"]
[WhiteElo "2515"]
[BlackElo "2520"]
[Annotator "TA"]
[PlyCount "87"]
[EventDate "2021.04.17"]
[EventType "swiss"]
[EventCountry "MNE"]
[SourceTitle "playchess.com"]
[Source "ChessBase"]
[SourceQuality "1"]

{[%evp 11,87,17,23,26,41,47,28,27,37,26,43,41,41,37,64,36,63,55,61,53,61,55,93,46,117,40,66,40,39,23,42,15,50,40,56,0,6,0,51,28,26,0,20,7,27,34,29,26,61,68,83,24,22,31,31,9,29,0,18,0,0,0,38,0,-12,-20,-11,-48,-19,-22,0,-34,0,-26,0,-35,0,-30]} 1. e4 c6 2. d4 d5 3. exd5 cxd5 4. Bd3 Nc6 5. c3 Qc7 6. h3 g6 7. Ne2 {B13: Caro-Kann: Exchange Variation and Panov-Botvinnik Attack.} Bf5 8. Bxf5 gxf5 9. Bf4 {White has an edge.} Qd7 10. Nd2 e6 11. g4 {[#]} O-O-O $146 ({Predecessor:} 11... Nge7 12. Ng3 O-O-O 13. gxf5 Nxf5 14. Nxf5 exf5 15. Qf3 Re8+ 16. Kd1 Re6 17. Kc2 Ne7 18. Rhe1 Ng6 19. Rxe6 fxe6 {½-½ (19) Dominguez Perez,L (2758)-Mamedyarov,S (2772) Moscow 2019}) 12. gxf5 exf5 13. Nf3 Nge7 14. Qd3 Ng6 15. Bd2 Bd6 16. O-O-O Rde8 17. Kb1 Kb8 (17... h5 $14) 18. Nc1 (18. Ng3 $16) 18... f6 19. Qb5 Qf7 20. Nd3 a6 21. Qb6 Bc7 22. Qb3 Bd6 23. Qb6 Bc7 24. Qb3 Ka7 (24... Bd6 $1 $11) 25. Rhe1 Bd6 26. Ng1 Na5 27. Qc2 Nc4 28. Bc1 f4 29. Re2 Re4 30. b3 Na5 31. Rde1 (31. Rxe4 $16 dxe4 32. Nb2) 31... Rhe8 $11 32. f3 Rxe2 33. Rxe2 Rc8 34. Re1 Nc6 35. Qe2 Qc7 36. Bd2 Nge7 37. Qf2 Qd7 38. Kb2 ({Not} 38. Bxf4 $2 Bxf4 39. Nxf4 Qf5+ 40. Nd3 Qxd3+ $19) 38... Qf5 39. Qf1 Ng6 40. Rc1 Re8 41. Re1 Rc8 42. Rc1 Re8 43. Re1 Rc8 44. Rc1 {Weighted Error Value: White=0.16/Black=0.16} 1/2-1/2

[Event "Vladimir Bato Kontic Memorial 2021"]
[Site "Niksic"]
[Date "2021.04.18"]
[Round "4.2"]
[White "Bogosavljevic, Boban"]
[Black "Niemann, Hans Moke"]
[Result "1/2-1/2"]
[WhiteElo "2523"]
[BlackElo "2508"]
[Annotator "TA"]
[PlyCount "149"]
[EventDate "2021.04.17"]
[EventType "swiss"]
[EventCountry "MNE"]
[SourceTitle "playchess.com"]
[Source "ChessBase"]
[SourceQuality "1"]

{[%evp 9,149,-6,7,-1,14,10,25,13,43,34,45,50,70,14,9,4,82,82,129,110,97,97,127,100,112,102,153,145,152,143,141,121,194,203,209,209,195,198,177,164,155,120,139,129,163,127,146,140,187,194,205,203,208,203,205,205,214,212,202,204,354,145,422,422,483,233,184,134,394,98,121,100,135,135,129,132,120,70,79,79,79,79,126,79,79,79,95,79,79,79,79,79,79,79,79,12,375,375,375,375,375,79,79,79,79,79,79,79,79,79,78,77,77,0,77,8,77,77,110,110,110,110,110,103,96,103,103,110,110,110,111,111,126,118,126,126,126,126,126,126,126,0]} 1. Nf3 d5 2. g3 c5 3. Bg2 e6 4. O-O Nf6 5. b3 Nc6 6. Bb2 {A08: King's Indian Attack.} Bd6 7. d4 cxd4 8. Nxd4 {White has an edge.} O-O 9. c4 Nxd4 10. Qxd4 {[%cal Rc4d5]} e5 11. Qd3 (11. Qd2 $14) 11... dxc4 $11 {[#]} 12. Qxc4 $146 ({Predecessor:} 12. bxc4 Qb6 13. Ba3 Bxa3 14. Nxa3 Rd8 15. c5 Rxd3 16. cxb6 Rxa3 17. Rfd1 Bd7 18. Rd6 axb6 {0-1 (27) Rantanen,A-Papula,N Finland 2005}) 12... Qb6 (12... Be6 $11 {remains equal.} 13. Qd3 Qe7) 13. Nc3 $16 a6 14. Nd5 Nxd5 15. Qxd5 Re8 16. Rfd1 Bc5 17. e3 (17. Bxe5 $6 Bxf2+ 18. Kh1 Qb5 $11) 17... Bg4 (17... a5 $142) 18. Rdc1 ({Reject} 18. Qxb7 $6 Qxb7 19. Bxb7 Ra7 $11) (18. Bxe5 $2 Rad8 $19) 18... Rac8 19. h3 Be6 20. Qxb7 Qa5 (20... f6 $16 21. Qxb6 Bxb6) 21. Bxe5 $18 Ba3 22. Bc7 $1 {[%cal Rc7a5]} Qh5 23. g4 Qg6 24. Rc6 ({Worse is} 24. Qxa6 Bxc1 25. Rxc1 h5 $11) 24... h5 25. Bg3 hxg4 26. hxg4 Bb2 27. Re1 Qxg4 28. Qxa6 Ra8 29. Qb5 Bd7 30. Qc4 Rxa2 31. Qxg4 $1 Bxg4 32. Rc2 {Rb1 is the strong threat.} Rc8 33. Rxc8+ Bxc8 34. b4 $1 {[%cal Rb4b5] Black must now prevent b5.} Ba6 (34... Bd7 $142 35. Rd1 Ra7) 35. Bf1 (35. Bc6 $18) 35... Kf8 $2 {[%mdl 8192]} (35... Bb7 $16 {is a better defense.} 36. Re2 Ba6) 36. b5 Bb7 37. b6 (37. Re2 $142) 37... Ra5 38. Rd1 {Strongly threatening Rd7.} Ke8 {[%mdl 8192]} (38... Ke7 $16 39. Bd6+ Ke8) 39. Bc7 $2 ({Not} 39. Bg2 Bxg2 40. Kxg2 Rb5 $16) (39. Rb1 $1 $18 {[%cal Rb1b2] is the precise move to win.}) 39... Rg5+ 40. Kh2 {aiming for Rd8+.} Be5+ 41. Bxe5 Rxe5 $16 {[%mdl 4096] Endgame KRB-KRB} 42. Bh3 Rh5 43. Kg3 Rh6 44. Rb1 Rg6+ {[#]} 45. Kh2 $1 Rh6 46. f4 Ke7 47. Kg3 Rg6+ 48. Kf2 Rh6 49. Bg4 Rh2+ 50. Kg3 Rg2+ {[#]} 51. Kh3 $1 {Threatens to win with Bf3!} Rc2 52. Ra1 ({White should play} 52. Rb3 $16) 52... Kd6 $2 {[%mdl 8192]} (52... Kf6 $1 $11 {and Black is okay.}) 53. Ra7 $18 Bc6 54. Rxf7 Rc3 55. Rxg7 $2 (55. b7 $18 Rxe3+ 56. Kh4) 55... Rxe3+ $16 56. Kh4 Rb3 57. Rg6+ Kc5 58. Rg5+ Kd6 59. f5 Rxb6 60. f6 Rb8 61. Kh5 (61. Rg7 $16) 61... Rh8+ 62. Kg6 Rg8+ (62... Bd5 $11) 63. Kh6 {White is better.} Rxg5 64. Kxg5 {KB-KB} Bd5 65. Kg6 Ke5 66. Kg7 Kf4 67. Be2 Kg5 {[#]} 68. Bf3 $1 {[%mdl 512]} Be6 (68... Bg8 69. Bh5) 69. Bc6 Bb3 70. Be8 Bc4 71. Bf7 Be2 72. Bd5 {Threatening mate with f7.} Bh5 {[#]} 73. Bf3 $1 {[%mdl 512] White threatens Bxh5 and mate.} Bg6 {[#]} 74. Be4 $1 {[%mdl 512]} Bh5 (74... Be8 75. Bd5) 75. Bf3 {Black defended with fortune.  Weighted Error Value: White=0.34/Black=0.32} 1/2-1/2

[Event "Vladimir Bato Kontic Memorial 2021"]
[Site "Niksic"]
[Date "2021.04.18"]
[Round "4.3"]
[White "Dardha, Daniel"]
[Black "Kalezic, Blazo"]
[Result "1-0"]
[WhiteElo "2516"]
[BlackElo "2456"]
[Annotator "TA"]
[PlyCount "77"]
[EventDate "2021.04.17"]
[EventType "swiss"]
[EventCountry "MNE"]
[SourceTitle "playchess.com"]
[Source "ChessBase"]
[SourceQuality "1"]

{[%evp 25,77,0,0,-10,57,36,33,35,97,77,81,77,74,86,95,59,53,29,37,34,22,-4,-10,0,77,69,81,85,78,75,68,80,397,372,526,368,410,405,555,277,277,265,250,186,187,169,180,179,330,337,454,443,537,522]} 1. d4 d5 2. c4 c6 3. Nf3 Nf6 4. Nc3 e6 5. e3 Nbd7 6. Qc2 Bd6 7. Bd3 dxc4 8. Bxc4 b5 9. Be2 O-O 10. O-O a6 11. Rd1 Qc7 12. e4 e5 13. g3 Re8 14. a3 {D46: Semi-Slav: 5 e3 Nbd7 6 Bd3, Black avoids the Meran.} c5 (14... exd4 $11 15. Nxd4 Be5) 15. dxe5 $1 $14 Nxe5 16. Bg5 {White is slightly better.} Bb7 (16... Nxf3+ $14 17. Bxf3 Be5) 17. Bxf6 $16 gxf6 18. Nh4 {[#]} c4 $146 ({Predecessor:} 18... Ng6 19. Nf5 Be5 20. Nd5 Bxd5 21. Rxd5 Rac8 22. Qd2 Ne7 23. Rd7 Rcd8 24. Nxe7+ Kh8 25. Rxd8 Rxd8 {1-0 (45) Irkha,A (2154)-Kobak,P (1560) St Petersburg 2019}) 19. Nf5 Bc5 20. Qc1 Ng6 21. Qh6 {[%csl Gf5][%cal Rh6g7]} Bf8 22. Qh5 $40 {[%mdl 128] White has some attack.} Rad8 23. Nd5 Bxd5 24. exd5 Qe5 {[#]} (24... Re5 $11 {remains equal.}) 25. Rd2 $1 Ne7 {[#]} 26. Bg4 {Hoping for Re2.} Nxf5 27. Bxf5 {[%csl Gf5][%cal Rh5h7]} ({Of course not} 27. Qxf5 Qxf5 28. Bxf5 Re5 $15) 27... h6 28. Rad1 Bg7 $2 {[%mdl 8192] This move loses the game for Black.} (28... Qd6 $16 {is tougher.}) 29. d6 $18 Kf8 (29... Bf8 $142 30. Qg4+ Kh8) 30. Qf3 Qc5 31. Rd5 Qb6 32. Kg2 (32. d7 $142 Re5 33. Rd6) 32... Qc6 33. g4 Re5 34. Rxe5 Qxf3+ 35. Kxf3 fxe5 36. Ke4 a5 $2 (36... Bf6 {might work better.} 37. Kd5 Bh4) 37. d7 Ke7 38. Rd5 Rb8 39. Rc5 {Weighted Error Value: White=0.29/Black=0.57} 1-0

[Event "Vladimir Bato Kontic Memorial 2021"]
[Site "Niksic"]
[Date "2021.04.18"]
[Round "4.5"]
[White "Sanal, Vahap"]
[Black "Potpara, Nikola"]
[Result "1-0"]
[WhiteElo "2572"]
[BlackElo "2370"]
[Annotator "TA"]
[PlyCount "147"]
[EventDate "2021.04.17"]
[EventType "swiss"]
[EventCountry "MNE"]
[SourceTitle "playchess.com"]
[Source "ChessBase"]
[SourceQuality "1"]

{[%evp 23,147,57,51,56,60,64,89,106,95,81,89,97,106,109,101,59,64,40,45,39,44,45,45,51,66,66,57,72,67,66,68,66,75,64,62,4,25,0,35,-64,-47,-41,70,67,116,116,116,116,109,61,61,56,71,70,66,73,87,86,89,86,83,85,128,106,145,145,149,149,177,141,155,139,153,130,139,132,137,112,144,131,145,113,124,109,131,138,155,137,145,146,135,91,89,33,33,33,97,95,312,307,252,50,135,125,398,398,1035,1927,11388,5551,7449,5949,2366,2046,29973,29974,29958,1392,29977,29978,29977,353,29984,29984,29986,29987]} 1. e4 c5 2. Nc3 Nc6 3. Nge2 d6 4. d4 cxd4 5. Nxd4 Nf6 6. Bg5 e6 7. Qd2 a6 8. O-O-O Bd7 9. f4 b5 10. Bxf6 gxf6 11. Kb1 Qb6 12. Nce2 h5 13. h4 $1 {[%mdl 4] now scores much better than the old 13.g3. B67: Sicilian: Richter-Rauzer: 7...a6 8 0-0-0 Bd7, lines without 9 f4 Be7.} Rg8 14. Rh3 Nxd4 15. Nxd4 {[#] White is better.} Rc8 $146 ({Predecessor:} 15... Rg4 16. g3 e5 17. Nf5 exf4 18. gxf4 Bxf5 19. exf5 Bh6 20. Be2 Bxf4 21. Qd5 Rc8 22. Bxg4 hxg4 {1-0 (47) Solak,D (2629)-Jankovic,A (2564) Zadar 2011}) 16. Re3 Be7 17. g3 Rc7 18. Be2 Rh8 19. Bf3 b4 20. Qe2 a5 21. Red3 (21. Bxh5 e5 $17) 21... Rc5 22. f5 e5 23. Nb3 {[%cal Bd4b3,Bb3a5,Ba5c4][%mdl 32]} Rc8 24. Rd5 (24. Bxh5 a4 $15) 24... a4 25. Na5 Qc7 26. b3 $1 (26. Bxh5 $2 Rxh5 $1 {[%mdl 512]} 27. b3 (27. Qxh5 $2 Qxc2+ {[%mdl 64] Double Attack} 28. Ka1 Qc1+ {[%mdl 64] Back Rank} 29. Rxc1 Rxc1#) 27... Rh8 $19) 26... Kf8 27. Nc4 a3 28. Qd2 Bc6 29. Rd3 (29. Nxd6 Bxd5 30. Nxc8 Bxe4 $11) (29. Ra5 $14) 29... Bb5 $11 30. Qxb4 {[%mdl 64] Double Attack} Rb8 {[#]} 31. Qc3 Bxc4 $15 32. Kc1 {[#]} d5 33. exd5 $14 ({But not} 33. bxc4 $2 Bb4 $19) 33... Bd6 34. Qxc4 Qxc4 35. bxc4 Rg8 36. c5 Bxc5 37. Bxh5 e4 38. Rc3 Bd6 39. Re1 $1 Be5 40. Rb3 Rxb3 41. cxb3 Rxg3 42. Rxe4 $16 {[%mdl 4096] Endgame KRB-KRB} Rd3 43. Ra4 Rxd5 44. Rxa3 Bf4+ 45. Kc2 Rxf5 46. Be2 Re5 47. Bf3 Re3 48. Bg4 Rg3 49. Be2 Rh3 50. h5 Be5 51. Ra7 f5 52. Ra5 f6 53. Rd5 Ke7 54. Bd1 f4 55. Rd3 Rh2+ 56. Rd2 Rh3 57. a4 f3 58. a5 ({Better is} 58. Rf2 $16) 58... Bc3 $14 59. Rd5 {And now a6 would win.} f2 (59... Be5 $1 $14) 60. Be2 $16 {Threatens to win with a6.} Be5 $2 {[#]} (60... Re3 $16 61. Kd1 Ke6) 61. Rd7+ $3 $18 {[%mdl 512]} Ke8 {aiming for ...Rc3+.} 62. Rd3 $2 ({White should try} 62. Rb7 $18) 62... Rh1 (62... Rh2 $1 $14 63. Bf1 (63. Rd2 Bf4 $11) 63... Rxh5) 63. Rd1 Re1 $2 {[%mdl 8192]} (63... Rh4 $16 {might work better.} 64. a6 Bd4) 64. Bb5+ Kf8 $2 (64... Ke7 65. a6 Rxd1 66. Kxd1 Bd4) 65. a6 Rxd1 66. Kxd1 {KB-KB} Bd4 67. Kd2 Kg7 68. Be2 f5 69. Kd3 Ba7 70. b4 Kh6 71. b5 f4 72. Ke4 Be3 $2 (72... f3 $18 73. Kxf3 Kxh5 74. Ke4+ Kh4) 73. Kd5 f3 74. Bf1 {Weighted Error Value: White=0.12/Black=0.18} 1-0

[Event "Vladimir Bato Kontic Memorial 2021"]
[Site "Niksic"]
[Date "2021.04.18"]
[Round "4.6"]
[White "Osmak, Iulija"]
[Black "Sahin, Ozgun"]
[Result "1-0"]
[WhiteElo "2428"]
[BlackElo "2281"]
[Annotator "TA"]
[PlyCount "73"]
[EventDate "2021.04.17"]
[EventType "swiss"]
[EventCountry "MNE"]
[SourceTitle "playchess.com"]
[Source "ChessBase"]
[SourceQuality "1"]

{[%evp 12,73,16,17,29,22,33,32,30,37,35,33,27,18,151,142,141,127,172,175,159,150,172,187,233,240,247,237,259,258,236,241,222,245,295,116,109,108,110,106,120,128,120,107,116,116,116,107,83,91,383,324,276,259,254,246,465,451,389,177,1753,1363,1619,1597]} 1. d4 d5 2. c4 e6 3. Nc3 Nf6 4. cxd5 Nxd5 5. e4 Nxc3 6. bxc3 c5 7. Rb1 $1 {[%mdl 4] now scores much better than the old 7.Nf3.} cxd4 {D35: Queen's Gambit Declined: Exchange Variation.} 8. cxd4 {[%cal Bc3d4,Bd4d5,Bd5d6][%mdl 32]} Nc6 9. Bb5 Bd7 {White is slightly better.} 10. Nf3 {Strongly threatening d5.} Bb4+ 11. Bd2 Bxd2+ 12. Qxd2 {Black should prevent d5.} Qa5 (12... O-O $11 {keeps the balance.}) 13. d5 $1 $16 {[%cal Rd5c6]} Qxd2+ 14. Kxd2 Na5 15. Bxd7+ $1 Kxd7 16. Ne5+ Ke7 17. d6+ Ke8 18. Rhc1 Rd8 19. Ke3 $1 {aiming for Rc7.} f6 20. Nc4 {[%cal Rc4a5]} Nxc4+ 21. Rxc4 $18 {[%mdl 4096] Endgame KRR-KRR} b6 22. Rc7 {Re7+ is the strong threat.} Rd7 23. Rbc1 (23. Rc8+ $1 $18 Rd8 24. Rbc1) 23... Rf8 $16 {[#]} 24. Rc8+ $146 ({Predecessor:} 24. Rxd7 Kxd7 25. Rc7+ Kxd6 26. Rxg7 a5 27. Rxh7 Rc8 28. Rb7 Kc6 29. Rf7 Kd6 30. Kd3 {1-0 (49) Vorotnikov,V-Zaitsev,A Leningrad 1963}) 24... Kf7 25. R1c7 Rxc8 26. Rxd7+ {KR-KR} Kf8 27. f4 e5 28. fxe5 fxe5 29. Kf3 {Threatens to win with Kg4.} h5 30. Kg3 Rc3+ $2 {[%mdl 8192] A mistake that costs the game.} (30... Rc2 $16) 31. Kh4 $18 Rc4 32. Kg5 ({Don't do} 32. Rxa7 Rxe4+ 33. Kxh5 Rd4 $16) 32... Rxe4 {[#]} 33. Kf5 {[%cal Rf5e4]} ({Less strong is} 33. Rxa7 Rd4 $14) 33... Rf4+ {[#]} (33... Rg4 34. Rxa7 Ke8) 34. Ke6 $1 {[%cal Rd7d8]} Rf6+ 35. Kxe5 (35. Kd5 $142) 35... a5 (35... Rf2) 36. Rd8+ Kf7 37. Rc8 {Weighted Error Value: White=0.15/Black=0.38} 1-0

[Event "Vladimir Bato Kontic Memorial 2021"]
[Site "Niksic"]
[Date "2021.04.18"]
[Round "4.7"]
[White "Injac, Teodora"]
[Black "Nikcevic, Nebojsa"]
[Result "1/2-1/2"]
[WhiteElo "2340"]
[BlackElo "2393"]
[Annotator "TA"]
[PlyCount "35"]
[EventDate "2021.04.17"]
[EventType "swiss"]
[EventCountry "MNE"]
[SourceTitle "playchess.com"]
[Source "ChessBase"]
[SourceQuality "1"]

{[%evp 23,35,25,59,30,48,24,38,29,31,20,37,0,0,0]} 1. Nf3 c5 2. c4 Nc6 3. Nc3 g6 4. e3 Nf6 5. d4 cxd4 6. exd4 d5 7. cxd5 Nxd5 8. Qb3 Nxc3 9. Bc4 Nd5 10. Bxd5 e6 11. Bxc6+ bxc6 12. O-O Bg7 13. Bf4 {A35: Symmetrical English: 2 Nc3 Nc6 3 Nf3.} O-O 14. Qe3 Qb6 15. b3 Rd8 {[%cal Rg7d4] [#]} 16. Rac1 $146 ({Predecessor:} 16. Rfd1 Rd5 17. Ne5 Bd7 18. Nc4 Qd8 19. Be5 Be8 20. Bxg7 Kxg7 21. Qc3 f6 22. Rd2 {0-1 (33) Harsha,B (2502)-Joshi,G (2075) New Delhi 2020}) 16... a5 17. a4 Rd5 18. Rfd1 {Black took control after the opening.  Weighted Error Value: White=0.22/Black=0.07} 1/2-1/2

[Event "Vladimir Bato Kontic Memorial 2021"]
[Site "Niksic"]
[Date "2021.04.18"]
[Round "4.8"]
[White "Krivokapic, Marko"]
[Black "Runic, Zoran"]
[Result "1/2-1/2"]
[WhiteElo "2380"]
[BlackElo "2378"]
[Annotator "TA"]
[PlyCount "37"]
[EventDate "2021.04.17"]
[EventType "swiss"]
[EventCountry "MNE"]
[SourceTitle "playchess.com"]
[Source "ChessBase"]
[SourceQuality "1"]

{[%evp 19,20,17,18]} 1. e4 e5 2. Nf3 d6 3. d4 Nd7 4. Nc3 Ngf6 5. Bc4 Be7 6. O-O O-O 7. Re1 c6 8. a4 a5 9. h3 exd4 10. Nxd4 $1 {10.Nxd4 is better than 10.Qxd4.} Nc5 {[#]} {Predecessor:} 11. Bf4 $146 {C41: Philidor Defence.} Be6 12. Bf1 Qb6 13. b3 Rad8 14. Bg3 d5 15. exd5 Nxd5 16. Nxe6 Nxe6 17. Nxd5 Rxd5 18. Qf3 Nd4 19. Qe4 {1-0 (64) Karjakin,S (2752)-Bologan,V (2574) chess.com INT 2020} 1/2-1/2

[Event "Vladimir Bato Kontic Memorial 2021"]
[Site "Niksic"]
[Date "2021.04.18"]
[Round "4.9"]
[White "Tomic, Aleksandar"]
[Black "Nikac, Predrag"]
[Result "1-0"]
[WhiteElo "2377"]
[BlackElo "2318"]
[Annotator "RC"]
[PlyCount "79"]
[EventDate "2021.04.17"]
[EventType "swiss"]
[EventCountry "MNE"]
[SourceTitle "playchess.com"]
[Source "ChessBase"]
[SourceQuality "1"]
[TimeControl "40/5400+30:1800+30"]

1. Nf3 {[%emt 0:14:37]} d6 {[%emt 0:00:57]} 2. e4 {[%emt 0:04:24]} c5 {[%emt 0:00:12]} 3. d4 {[%emt 0:01:39]} cxd4 {[%emt 0:00:16]} 4. Qxd4 {[%emt 0:01:47]} Nc6 {[%emt 0:00:23]} 5. Qe3 {[%emt 0:00:18]} Nf6 {[%emt 0:00:52]} 6. c4 {[%emt 0:00:41]} g6 {[%emt 0:02:28]} 7. h3 {[%emt 0:02:14]} Bg7 {[%emt 0:06:06]} 8. Be2 {[%emt 0:00:26]} O-O {[%emt 0:01:36]} 9. O-O {[%emt 0:00:10]} a5 {[%emt 0:03:41]} 10. Bd2 {[%emt 0:04:05]} Nb4 {[%emt 0:01:27]} 11. Rc1 {[%emt 0:05:18]} b6 {[%emt 0:02:17]} 12. Nc3 {[%emt 0:05:56]} Bb7 {[%emt 0:03:58]} 13. Rab1 {[%emt 0:03:51]} Na6 {[%emt 0:03:17]} 14. Bd1 {[%emt 0:11:31]} Rc8 {[%emt 0:03:38]} 15. b3 {[%emt 0:01:04]} Nc5 {[%emt 0:04:03]} 16. Bc2 {[%emt 0:00:50]} e6 {[%emt 0:00:21]} 17. Rd1 {[%emt 0:04:25]} d5 {[%emt 0:03:52]} 18. Be1 {[%emt 0:02:42]} Re8 {[%emt 0:04:15]} 19. Rbc1 {[%emt 0:02:12]} Qc7 {[%emt 0:05:16]} 20. e5 {[%emt 0:07:45]} Nfe4 {[%emt 0:04:58]} 21. Nb5 {[%emt 0:01:53]} Qb8 {[%emt 0:00:09]} 22. Bb1 {[%emt 0:05:05]} f5 {[%emt 0:13:19]} 23. exf6 {[%emt 0:01:39]} Nxf6 {[%emt 0:01:20]} 24. Bc3 {[%emt 0:01:25]} Nh5 {[%emt 0:01:43]} 25. Be5 {[%emt 0:04:12]} Bxe5 {[%emt 0:03:33]} 26. Nxe5 {[%emt 0:00:19]} Rcd8 {[%emt 0:01:04]} 27. Re1 {[%emt 0:04:50]} Rf8 {[%emt 0:05:48]} 28. Qh6 {[%emt 0:02:42]} Ne4 {[%emt 0:01:40]} 29. Ng4 {[%emt 0:02:13]} Rd7 {[%emt 0:13:38]} 30. Bxe4 {[%emt 0:00:37]} dxe4 {[%emt 0:00:06]} 31. Rcd1 {[%emt 0:00:25]} Qd8 {[%emt 0:03:01]} 32. Rxd7 {[%emt 0:01:45]} Qxd7 {[%emt 0:00:02]} 33. Qe3 {[%emt 0:00:37]} Qd8 {[%emt 0:02:12]} 34. Nc3 {[%emt 0:00:35]} Nf4 {[%emt 0:01:27]} 35. Rd1 {[%emt 0:00:35]} Qg5 {[%emt 0:01:11]} 36. Rd7 {[%emt 0:00:55]} Bc6 {[%emt 0:01:58]} 37. Rc7 {[%emt 0:00:15]} Ba8 {[%emt 0:01:07]} 38. Qd4 {[%emt 0:00:40]} e5 {[%emt 0:00:52]} 39. Qd7 {[%emt 0:00:21]} Qh4 {[%emt 0:00:28]} 40. Qg7# {[%emt 0:00:00]} 1-0

[Event "Vladimir Bato Kontic Memorial 2021"]
[Site "Niksic"]
[Date "2021.04.18"]
[Round "4.11"]
[White "Basso, Pier Luigi"]
[Black "Miletic, Vuk"]
[Result "1-0"]
[WhiteElo "2552"]
[BlackElo "2254"]
[Annotator "TA"]
[PlyCount "57"]
[EventDate "2021.04.17"]
[EventType "swiss"]
[EventCountry "MNE"]
[SourceTitle "playchess.com"]
[Source "ChessBase"]
[SourceQuality "1"]

{[%evp 9,57,22,13,18,21,10,25,12,69,65,67,72,52,70,81,91,85,91,85,88,64,92,110,116,112,106,171,170,167,165,174,173,158,137,145,91,122,117,347,295,525,497,501,408,408,408,467,356,461,440]} 1. d4 e6 2. c4 d5 3. Nc3 a6 4. cxd5 exd5 5. Nf3 Nf6 6. Bg5 {D37: Queen's Gambit Declined: 5 Bf4.} Be6 7. Bxf6 Qxf6 8. Qb3 {White has an edge.} b5 (8... b6 $11) 9. a4 $1 $14 ({Wrong is} 9. Nxd5 $2 Qd8 $19) 9... b4 10. Nxd5 Qd8 11. e4 c6 {[#]} 12. Qe3 $1 cxd5 13. exd5 Qxd5 {...Bd6 is the strong threat.} 14. Rc1 $5 {[%mdl 4] An interesting side line.} Be7 {Threatens to win with ...Qb3.} 15. Bd3 $1 {[%cal Rd3e4] [#] And now Be4 would win.} Qd6 $146 {[#] Strongly threatening ...Nd7.} ({Predecessor:} 15... Qd7 16. Be4 Ra7 17. d5 Bxd5 18. Rd1 O-O 19. Rxd5 Qe6 20. Re5 Qd7 21. O-O Bf6 {½-½ (54) Vidit,S (2726)-Mamedyarov,S (2770) Tornelo INT 2021}) 16. Be4 $1 {[%cal Re4a8]} Ra7 {Hoping for ...Rc7.} 17. d5 $1 {[%cal Rd5e6][%mdl 64] Discovered Attack} Rc7 (17... Rd7 $16) 18. Rxc7 $18 Qxc7 19. dxe6 fxe6 {[#]} 20. O-O $1 {Black must now prevent Qb3.} O-O 21. Qb3 Rf6 22. Rd1 ({Better is} 22. Ng5 Kh8 23. Bxh7) 22... a5 23. Qd3 Rh6 {Black cannot hold the game after this.} (23... g6 $16 {is a better defense.}) 24. g3 Qb6 $2 (24... Kf7 25. h4 (25. Bxh7 g6 $16) 25... Bc5) 25. Rc1 Qa6 26. Qxa6 Nxa6 27. Rc8+ Kf7 28. Ne5+ Kf6 29. Ng4+ {[%mdl 64] Double Attack.  Weighted Error Value: White=0.10/Black=0.38} 1-0